| 000 | 00741nam a22002297a 4500 | ||
|---|---|---|---|
| 003 | DO-SdBNP | ||
| 005 | 20221025153225.0 | ||
| 007 | ta | ||
| 008 | 221025b1986 dr a|||| |||| 00| 0 sp d | ||
| 040 |
_aDO-SdBNP _bspa _cBNPHU |
||
| 082 | 4 | _222 | |
| 245 | 0 | 0 |
_aSituación forestal en República Dominicana : _bdiscursos Enrique Armenteros Rius, Merilio G. Morell |
| 260 |
_aSanto Domingo : _bFundación para el mejoramiento humano, _c1986. |
||
| 300 |
_avii, 25 p. : _bil. ; _c22 cm. |
||
| 490 |
_aProgressio _v2 |
||
| 590 | _aInventariado, 2022/BT | ||
| 700 | 1 |
_aArmenteros Rius, Enrique, _ediscursos _955978 |
|
| 700 | 1 |
_aG. Morell, Merilio, _ediscursos _982596 |
|
| 830 |
_aProgressio _n2 _982597 |
||
| 910 | _aBtavárez | ||
| 942 |
_2ddc _cLBS1 |
||
| 999 |
_c52644 _d52644 |
||